000 00672nam a2200205 4500
001 143294
003 ES-MaACL
005 20260126130021.0
007 t|
008 070214s1981 sp r ||||1| spa d
245 0 0 _aEstudios de Historia de Murcia
_b: (recopilación) /
_cRafael Serra Ruiz.
260 _aMurcia :
_bAcademia Alfonso X el Sabio,
_c1981.
300 _aX, 400 p. ;
_c19 cm.
490 1 _aBiblioteca murciana de bolsillo ;
_v25
700 1 _aSerra Ruiz, Rafael.
_9105657
710 0 _aAcademia Alfonso X el Sabio
_91142
830 0 _aBiblioteca murciana de bolsillo ;
_v25
_9179312
852 _aES-MaACL
_jL-1713
_bR.102676
999 _c143294
_d143294